000
00300nam a2200145Ia 4500
100
_a
Wagolikar/K.S
942
_c
BK
654
_a
Mechanics
245
_a
Applied Mechanics
260
_b
Nirali prakashan
_a
Delhi
_c
1984
082
_a
620.1
_b
Wal
300
_a
267
546
_a
ENGLISH
999
_c
19300
_d
19300